Statistics for High school musical Gotta go my own way lyrics

Click here to take the quiz!

General Stats

  • This quiz has been taken 32 times
  • The average score is 249 of 330

Answer Stats

Answer% Correct
go
100%
got
100%
gotta
100%
I
95%
i
95%
my
95%
way
95%
own
91%
to
91%
what
91%
about
86%
do
86%
me
86%
the
86%
us
86%
we
86%
you
86%
be
82%
day
82%
every
82%
on
82%
So
82%
so
82%
some
82%
what's
82%
and
77%
but
77%
don't
77%
Don't
77%
for
77%
get
77%
in
77%
just
77%
now
77%
right
77%
say
77%
am
73%
belong
73%
days
73%
doesn't
73%
find
73%
getting
73%
here
73%
hope
73%
I've
73%
keeps
73%
leave
73%
life
73%
might
73%
mind
73%
place
73%
seem
73%
something
73%
these
73%
this
73%
understand
73%
who
73%
world
73%
at
68%
least
68%
move
68%
okay
64%
Troy
64%
want
64%
been
59%
best
59%
everything
59%
it
59%
listen
59%
our
59%
trust
59%
try
59%
whenever
59%
all
55%
hard
55%
it's
55%
It's
55%
plan
55%
through
55%
time
55%
you'll
55%
behind
50%
hopes
50%
hurt
50%
is
50%
rearranged
50%
somehow
50%
up
50%
wanted
50%
we've
50%
always
45%
fall
45%
know
45%
never
45%
them
45%
wanna
45%
watch
45%
grey
36%
have
36%
another
32%
away
32%
I'll
32%
I'm
32%
miss
32%
supposed
32%
turns
32%
why
32%
cause
27%
fade
27%
slowly
27%
leaving
23%
colour
18%
today
18%
trying
18%
stay
14%
leasty
0%

Score Distribution

Percentile by Number Answered

Percent of People with Each Score

Your Score History

You have not taken this quiz